Thermodynamics and statistical mechanics: lectures on theoretical physics

Bewaard in:
Bibliografische gegevens
Hoofdauteur: Sommerfeld, Arnold (Auteur)
Formaat: Boek
Taal:Engels
Gepubliceerd in: Nueva York Academic Press 1955
Reeks:Lectures on Theoretical Physics, 5
Onderwerpen:
Tags: Voeg label toe
Geen labels, Wees de eerste die dit record labelt!

MARC

LEADER 00000nam a2200000 a 4500
001 UCU0206
003 CL-VaPUC
008 960322e19550000US |||||||||||||||||eng|d
082 0 4 |a 536.7  |b SOM  |2 21 
100 0 |a Sommerfeld, Arnold  |e author  |9 355209 
245 1 0 |a Thermodynamics and statistical mechanics: lectures on theoretical physics 
300 |a 401 p 
942 |c BK 
945 |d 19960322 00:00:00  |a rbrito 
260 |a Nueva York  |b Academic Press  |c 1955 
650 0 |a Termodinámica   |9 259320 
650 0 |a Mecánica estadística  |9 261055 
650 0 |a Calor  |9 260253 
650 7 |a TEORIA DE GASES  |2 CL-VaPUC  |9 355210 
650 0 |a Estadística   |9 259535 
583 |a last modification  |c 19960322 00:00:00  |k Rodrigo Vera 
490 0 |a Lectures on Theoretical Physics, 5 
999 |c 245111  |d 245109